Dalits: (Record no. 181498)

000 -LEADER
fixed length control field 00387nam a22001577a 4500
020 ## - INTERNATIONAL STANDARD BOOK NUMBER
ISBN 9780367633233
082 ## - DEWEY DECIMAL CLASSIFICATION NUMBER
Classification number 305.5688
Item number ANA/D
100 ## - MAIN ENTRY--AUTHOR NAME
Personal name Anand Teltumbde
245 ## - TITLE STATEMENT
Title Dalits:
Sub Title past, present and future/
Statement of responsibility, etc by Anand Teltumbde
250 ## - EDITION STATEMENT
Edition statement 2nd ed.
260 ## - PUBLICATION, DISTRIBUTION, ETC. (IMPRINT)
Place of publication New York:
Name of publisher Routledge,
Year of publication 2020.
300 ## - PHYSICAL DESCRIPTION
Number of Pages 194p.
650 ## - SUBJECT ADDED ENTRY--TOPICAL TERM
Topical Term Dalits
650 ## - SUBJECT ADDED ENTRY--TOPICAL TERM
Topical Term Social Sciences
942 ## - ADDED ENTRY ELEMENTS (KOHA)
Koha item type Book
Holdings
Withdrawn status Lost status Damaged status Not for loan Permanent Location Current Location Shelving location Date acquired Cost, normal purchase price Full call number Accession Number Price effective from Koha item type
        Sree Sankaracharya University of Sanskrit Sree Sankaracharya University of Sanskrit Stacks 15.05.2026 995.00 305.5688 ANA/D 108699 15.05.2026 Book